000 00731 a2200181 4500
999 _c3940
_d3940
020 _a9780415553407 (pbk.)
020 _a9780203858387 (ebook)
050 0 0 _aLB1567 HIC 2010
100 1 _aHickey, Raewyn.
_eauthor
245 1 0 _aThirty three ways to help with writing :
_bsupporting children who struggle with basic skills /
_cRaewyn Hickey.
264 _aNew York :
_bRoutledge,
_c2010
300 _axii, 123p. :
_bill.
500 _aIncludes index
650 0 _aEnglish language
_xComposition and exercises
_xStudy and teaching (Elementary)
650 0 _aLanguage arts
_xRemedial teaching.
942 _2lcc
_cBK
_h1567
_iHIC
_kLB